| 000 | 00456nam a22001575i 4500 | ||
|---|---|---|---|
| 001 | 168604 | ||
| 003 | ES-MaACL | ||
| 005 | 20230906213830.0 | ||
| 008 | 080423s1947 ag |||| | spa d | ||
| 100 | 1 |
_aMacau, Miguel Angel. _975060 |
|
| 245 | 1 | 0 |
_aMi via crucis _b: (relato autobiográfico) / _cMiguel Angel Macau. |
| 250 | _a3ª ed. | ||
| 260 |
_aBuenos Aires : _b[s.n.], _c1947. |
||
| 300 |
_a328 p. ; _c20 cm. |
||
| 852 |
_aES-MaACL _jD-6137 _9R.29110 |
||
| 999 |
_c168604 _d168604 |
||